The eighteenth century feminist mind /

Bibliographic Details
Main Author: Browne, Alice (Author)
Format: Book
Language:English
Published: Brighton, Sussex : Harvester Press, 1987.
Subjects:

MARC

Tag First Indicator Second Indicator Subfields
LEADER 00000cam a2200000 a 4500
001 in00000015687
005 20151007052558.0
008 890126s1987 enk b 001 0 eng c
010 |a  89107510  
015 |a GB8719667  |2 bnb 
016 7 |a 007397228  |2 Uk 
019 |a 15654751  |a 59985693  |a 1167307845  |a 1173925942 
020 |a 0710809670  |q (hardback) 
029 1 |a AU@  |b 000005334783 
035 |a (OCoLC)19223210 
037 |c No price : CIP entry (June) 
040 |a HLS  |b eng  |e rda  |c HLS  |d DLC  |d UKM  |d NLGGC  |d BTCTA  |d TULIB  |d GBVCP  |d OCLCF  |d OCLCQ  |d OCLCO  |d OCL  |d OCLCQ  |d YT1  |d DHA  |d OCLCQ  |d UWO  |d UWK  |d OCLCQ  |d REU  |d LUN  |d MM9  |d UKMGB  |d OCLCO  |d S2H 
043 |a e-uk--- 
045 |a v0v9 
049 |a JLFA 
050 1 0 |a HQ1593 
050 4 |a HQ1593  |b .B76 1987 
050 1 4 |a HQ1599.E5  |b B76x 1987b 
082 0 |a 305.4/2/0941  |2 19 
084 |a 18.05  |2 bcl 
100 1 |a Browne, Alice,  |e author. 
245 1 4 |a The eighteenth century feminist mind /  |c Alice Browne. 
246 3 |a 18th century feminist mind 
264 1 |a Brighton, Sussex :  |b Harvester Press,  |c 1987. 
300 |a viii, 237 pages ;  |c 23 cm 
336 |a text  |b txt  |2 rdacontent 
337 |a unmediated  |b n  |2 rdamedia 
338 |a volume  |b nc  |2 rdacarrier 
500 |a Includes index. 
504 |a Includes bibliographical references (pages 214-232) and index. 
505 0 |a Notions of woman -- Advice to women: the stages of a woman's life -- Novels and heroines: Clarissa and Julie -- The beginnings of eighteenth-century feminism -- Women's education and women's rationality -- Women in society -- The double standard -- The 1790s. 
540 |a Current Copyright Fee: GBP25.00  |c 0.  |5 Uk 
648 7 |a 1700-1799  |2 fast 
650 0 |a Feminism  |z Great Britain  |x History  |y 18th century. 
651 7 |a Great Britain.  |2 fast  |0 (OCoLC)fst01204623 
653 |a Great Britain  |a Feminism, 1700-1800 
655 7 |a History.  |2 fast  |0 (OCoLC)fst01411628 
776 0 8 |i Online version:  |a Browne, Alice.  |t Eighteenth century feminist mind.  |d Brighton, Sussex : Harvester Press, 1987  |w (OCoLC)647561697 
938 |a Baker and Taylor  |b BTCP  |n 89107510 //r89 
999 |a MARS 
999 f f |s 8697f3ea-3bff-395e-8e51-674b1e4101aa  |i 62779a71-1a63-3022-8dcc-392a6999fa94  |t 0 
952 f f |p ric  |a Texas A&M University  |b Rellis Campus  |c Joint Library Facility  |d Remote Storage  |t 0  |e HQ1593 .B76 1987  |h Library of Congress classification  |i unmediated -- volume  |m A14812608934 
998 f f |a HQ1593 .B76 1987  |t 0  |l Remote Storage